LEADER 01521nam a2200301 u 4500 001 000000012387 003 CaOOAMICUS 005 20070226105530.0 008 941125s1946 vc h u000 u ita u 035 $a10300193 040 $aAAR$bita 041 0 $agrc$afre 100 1 $aGaritte, Gérard,$d1914-1990.$0(OLS)http://pul/name/1838 245 10$aDocuments pour l'étude du livre d'Agathange /$cGérard Garitte. 260 $aCittŕ del Vaticano :$bBiblioteca Apostolica Vaticana,$c1946. 300 $axviii, 447 p. :$bfacsims ;$c25 cm 490 1 $aBiblioteca apostolica vaticana. Studi e testi ;$v127 600 04$aGregorius Illuminator,$cs., patriarca d'Armenia,$dm. 337.$0(OLS)http://pul/subject/8535 651 4$aArmenia$xStoria ecclesiastica.$0(OLS)http://pul/subject/9280 651 0$aArmenia$xChurch history.$2//eng$0(OLS)http://pul/subject/9275 700 0 $aAgathangelus Armeniacus,$dsec. V-VI.$tHistoria Armeniae$9(Agathangelus Armeniacus, sec. V-VI)$lGreco.$0(OLS)http://pul/name/11789 830 0$aStudi e testi (Biblioteca apostolica vaticana) ;$v127.$0(OLS)http://pul/title/1077 850 $aPUL 852 $aPUL$W1$xDP1 Cons. Gen., Altre Classi 1$y22$m158 F 127$j17499$nBK-PRI$b $qStampati$B17499$CPULBib$Z2$F17499 $H $81 941 1 $a8 961 $aINV: 74275 996 $6245$aDocuments pour l'étude du livre d'Agathange$9(OLS)http://pul/title/17932 996 $6260$aCittŕ del Vaticano :$bBiblioteca Apostolica Vaticana$9(OLS)http://pul/publisher/48729 LEADER 01258nam a2200277 u 4500 001 000000052838 003 CaOOAMICUS 005 20070226115507.0 008 001026r19681909ne u000 u eng u 035 $a10859495 040 $aPUL(R)$bita 041 1 $aeng$hgrc 100 0 $aAristophanes,$dc. 445-c. 385 a.C.$0(OLS)http://pul/name/1745 240 10$aAcharnians$9(Aristophanes).$lInglese.$0(OLS)http://pul/title/70858 245 14$aThe Acharnians of Aristophanes : /$cwith an introduction, English prose translation, critical notes and commentary by W.J.M. Starkie. 260 $aAmsterdam :$bAdolf M. Hakkert,$c1968. 300 $alxxxviii, 274 p. ;$c23 cm 650 4$aTeatro greco (tragedia).$0(OLS)http://pul/subject/21927 700 1 $aStarkie, W. J. M.,$q(William Joseph Myles),$d1860-1920.$0(OLS)http://pul/name/37506 850 $aPUL 852 $aPUL$W1$xDP1 Fondo Ciprotti$y59$m1547 G 3$j69782$nBK-PRI$b $qFondi$B69782$CPULBib$Z2$F69782 $H $81 900 $aAristofane,$dc. 445-c. 385 a.C.$91745 941 1 $a1 961 $aINV: Fondo Ciprotti 996 $6245$aThe Acharnians of Aristophanes :$9(OLS)http://pul/title/70859 996 $6260$aAmsterdam :$bAdolf M. Hakkert$9(OLS)http://pul/publisher/59965